| 000 | 00514nam a2200181Ia 4500 | ||
|---|---|---|---|
| 008 | 150610s9999 xx 000 0 und d | ||
| 020 | _a9780316067935 | ||
| 050 |
_aPZ7 _b.M57188b 2008 |
||
| 100 | _aMeyer, Stephenie | ||
| 245 |
_aBreaking dawn / _cStephenie Meyer. |
||
| 250 | _a1st ed. | ||
| 260 |
_aNew York : _bLittle, Brown and Co., _c2008. |
||
| 300 |
_a756pages ; _c21 cm. |
||
| 520 | _aFiction. | ||
| 650 |
_aMarriage _bFiction. |
||
| 650 |
_aSupernatural _xFiction. |
||
| 650 |
_aWerewolves _xFiction. |
||
| 999 |
_c287865 _d287865 |
||